| 000 | 00512nam a22001817a 4500 | ||
|---|---|---|---|
| 003 | CEME | ||
| 005 | 20210628203003.0 | ||
| 008 | 210215b xxu||||| |||| 00| 0 eng d | ||
| 020 | _a0-07-212005-3 | ||
| 040 | _c. | ||
| 082 | _a004.65 SHE | ||
| 100 |
_aSheldon, Tom _962734 |
||
| 245 | _aEncyclopedia of networking and telecommunications | ||
| 260 |
_aNEW YORK _bMCGRAW HILL _c2001 |
||
| 300 | _aXXXVIII,1448P | ||
| 650 |
_aTELECOMMUNICATIONS ENCYCLOPEDIA; NETWORKING ENCYCLOPEDIA _962735 |
||
| 942 |
_cBK _2ddc |
||
| 999 |
_c571748 _d571748 |
||